000 00760nam a2200217Ia 4500
003 GCL
008 140319s9999 xx 000 0 ara d
040 _aGCL /
_cGCL
082 0 4 _a415.2
_bهـ ا
100 1 _aابى محمد عبدالله جمال الدين
245 1 0 _aاوضح المسالك الى الفية ابن مالك /
_cابى محمد عبدالله جمال الدين
260 _aالقاهرة :
_bدار الفكر ،
_c1967
300 _aمتعدد الترقيم
490 _a
650 0 4 _aاللغة العربية
650 0 4 _aاللغة العربية - النحو
650 0 4 _aالفية ابن مالك
650 0 4 _aاللغة العربية - تاريخ
650 0 4 _aالنحو - تاريخ
942 _2ddc
_cBK
999 _c54265
_d54265